| 000 | 00585cam a22001817a 4500 | ||
|---|---|---|---|
| 008 | 180718b2009 xxu||||| |||| 00| 0 eng d | ||
| 020 | _a9788131218587 | ||
| 082 | _aT42x54 sh13 | ||
| 100 | _aShah, Ajay | ||
| 245 |
_aIndia's financial markets: an insider's guide to how the markets work _cby Ajay Shah, Susan Thomas and Michael Gorham |
||
| 260 |
_aBurlington _bElsevier _c2009 |
||
| 300 | _a241p. | ||
| 650 | _aIndia --Economic conditions --1991- | ||
| 650 | _aFinancial institutions --India | ||
| 650 | _aFinance --India | ||
| 700 | _aGorham, Michael | ||
| 700 | _aThomas, Susan | ||
| 999 |
_c418090 _d418090 |
||